Onnellisimmat valtiot - Statistics

Yleistilastot
  • Tätä visaa on pelattu 86 kertaa
  • Keskiarvotulos 16 / 20
Vastaustilastot
Sija Valtio % Oikein
1 Suomi
100%
7 Ruotsi
99%
6 Norja
97%
4 Islanti
96%
13 Saksa
93%
2 Tanska
93%
5 Alankomaat
89%
14 Kanada
89%
19 Yhdysvallat
89%
3 Sveitsi
87%
20 Belgia
86%
15 Irlanti
83%
10 Itävalta
81%
11 Australia
80%
17 Yhdistynyt kuningaskunta
80%
8 Luxemburg
76%
18 Tšekki
73%
9 Uusi-Seelanti
71%
12 Israel
21%
16 Costa rica
10%
Ehtoja vastaavia visoja ei löytynyt
Tulosjakauma
Jokaisen tuloksen saaneiden osuus
Persentiili vastausten määrän mukaan
Tuloshistoriasi
Et ole pelannut tätä visaa